[Event "Camp. svizzero a sq. - Berna-Winterthur"]
[Site "Zurich"]
[Date "2008.09.21"]
[Round "9.1"]
[White "Klauser, Markus"]
[Black "Jussupow, Artur"]
[Result "0-1"]
[WhiteElo "2396"]
[BlackElo "2598"]
[PlyCount "52"]
[EventDate "2008.03.02"]
[Source "www.chesslib.no"]
[SourceDate "2004.05.04"]

1. e4 e6 2. d4 d5 3. Nc3 Bb4 4. e5 Ne7 5. Qg4 c5 6. a3 Qa5 7. Nge2 cxd4 8. axb4 Qxa1 9. Nb5 O-O 10. Nc7 Nbc6 11. Nxa8 Bd7 12. Nc7 Rc8 13. b5 Nxe5 14. Qxd4 Qa5+ 15. Nc3 Qxc7 16. f4 Nc4 17. Bd3 e5 18. fxe5 Qxe5+ 19. Qxe5 Nxe5 20. Be3 Nxd3+ 21. cxd3 Nf5 22. Bxa7 d4 23. Ne2 Rc2 24. Rf1 Ne3 25. Rf2 Rxb2 26. Bxd4 Nc2+ 0-1

[Event "Lido Estensi op"]
[Site "?"]
[Date "2002.06.10"]
[Round "3"]
[White "Zelcic Robert"]
[Black "Efimov Igor"]
[Result "0-1"]
[WhiteElo "2547"]
[BlackElo "2446"]
[PlyCount "84"]
[EventDate "2002.??.??"]
[Source "www.chesslib.no"]
[SourceDate "2004.05.04"]

1. e4 e6 2. d4 d5 3. Nc3 Bb4 4. e5 c5 5. dxc5 Ne7 6. Nf3 Nd7 7. Bd3 Qc7 8. O-O Bxc3 9. bxc3 Nxc5 10. Re1 Bd7 11. Rb1 h6 12. Nd4 a6 13. Ba3 b6 14. c4 dxc4 15. Bxc4 O-O 16. Nb3 Nf5 17. Qe2 Rfd8 18. Bxc5 bxc5 19. Bxa6 Bc6 20. Bd3 Rxa2 21. Nxc5 Nd4 22. Qg4 Ba8 23. Ne4 Nxc2 24. Nf6+ Kh8 25. Nh5 g5 26. Red1 Ne3 27. Qh3 Nxd1 28. Nf6 Kg7 29. Ng4 Rh8 30. Rxd1 h5 31. Nf6 Qxe5 32. Nxh5+ Kf8 33. Bf1 Bd5 34. Qg4 Qb2 35. Kh1 Ra5 36. Kg1 Ra2 37. Kh1 Ra5 38. Kg1 Rg8 39. Nf6 Rg6 40. Nh7+ Kg7 41. Bd3 f5 42. Qh5 Ra1 0-1

[Event "Cannes op 18th"]
[Site "Cannes"]
[Date "1997.??.??"]
[Round "9"]
[White "Gallagher, Joseph G"]
[Black "Shaked, Tal"]
[Result "1/2-1/2"]
[WhiteElo "2545"]
[BlackElo "2445"]
[PlyCount "34"]
[EventDate "1997.02.22"]
[Source "ChessBase"]

1. e4 e6 2. d4 d5 3. Nc3 Bb4 4. e5 c5 5. dxc5 Nc6 6. Nf3 Nge7 7. Bd3 d4 8. a3 Ba5 9. b4 Nxb4 10. axb4 Bxb4 11. O-O Bxc3 12. Rb1 Bd7 13. Ng5 Bc6 14. Qh5 g6 15. Qh3 Qc7 16. Bf4 a5 17. Bc4 Nf5 1/2-1/2

[Event "Star Dojran"]
[Site "Star Dojran"]
[Date "1996.??.??"]
[Round "3"]
[White "Zelcic, Robert"]
[Black "Dimitrov, Vladimir"]
[Result "1-0"]
[WhiteElo "2495"]
[BlackElo "2495"]
[PlyCount "71"]
[EventDate "1996.??.??"]
[Source "www.chesslib.no"]
[SourceDate "2004.05.04"]

1. e4 e6 2. d4 d5 3. Nc3 Bb4 4. e5 Ne7 5. Bd2 c5 6. dxc5 Nbc6 7. f4 Bxc5 8. Nf3 a6 9. Bd3 Nb4 10. Qe2 Nxd3+ 11. Qxd3 Bd7 12. O-O-O b5 13. Be3 Bxe3+ 14. Qxe3 b4 15. Ne2 a5 16. Kb1 Qc7 17. Nfd4 a4 18. g4 O-O 19. Rhf1 Rfc8 20. Rc1 Qb6 21. f5 Bb5 22. Qf3 Bxe2 23. Nxe2 Rc7 24. fxe6 Qxe6 25. Nd4 Qg6 26. h4 Nc6 27. h5 Qe4 28. Qxe4 dxe4 29. Nxc6 Rxc6 30. Rf4 Rc4 31. Re1 Rac8 32. Rfxe4 Rxc2 33. Rxb4 R2c4 34. Rxc4 Rxc4 35. Rc1 Rxc1+ 36. Kxc1 1-0

[Event "RUS-Cup"]
[Site "Nizhnij Novgorod"]
[Date "1999.??.??"]
[Round "5"]
[White "Voitsekhovsky, Stanislav"]
[Black "Djachkov, Sergej"]
[Result "0-1"]
[WhiteElo "2558"]
[BlackElo "2430"]
[PlyCount "78"]
[EventDate "1999.??.??"]
[Source "www.chesslib.no"]
[SourceDate "2004.05.04"]

1. e4 e6 2. d4 d5 3. Nc3 Bb4 4. e5 Ne7 5. Qg4 c5 6. dxc5 Bxc3+ 7. bxc3 Ng6 8. Nf3 Nd7 9. Be3 Qc7 10. Bb5 O-O 11. Bxd7 Bxd7 12. Bd4 Bb5 13. a4 Bc4 14. h4 f5 15. Qg5 f4 16. Kd2 Rf5 17. Qg4 Nf8 18. Ng5 Qe7 19. Rab1 Rc8 20. Rb4 Ba6 21. Rhb1 Rc7 22. Nf3 Nd7 23. R1b3 h5 24. Qh3 Nxc5 25. Bxc5 Qxc5 26. Nd4 Rxe5 27. Qf3 Rf7 28. Rb1 Re4 29. Re1 Rxe1 30. Kxe1 b6 31. Kd2 e5 32. Ne6 Qe7 33. Ng5 e4 34. Qxh5 g6 35. Qxg6+ Rg7 36. Qf5 e3+ 37. Ke1 e2 38. Qxd5+ Kf8 39. Nf3 Bb7 0-1

[Event "Commonwealth-ch"]
[Site "Sangli"]
[Date "2000.??.??"]
[Round "3"]
[White "Gallagher, Joseph G"]
[Black "Atanu, Lahiri"]
[Result "1-0"]
[WhiteElo "2558"]
[BlackElo "2426"]
[PlyCount "40"]
[EventDate "2000.??.??"]
[Source "www.chesslib.no"]
[SourceDate "2004.05.04"]

1. d4 e6 2. e4 d5 3. Nc3 Bb4 4. e5 c5 5. dxc5 Nc6 6. Nf3 Nge7 7. Bd3 d4 8. a3 Ba5 9. b4 Nxb4 10. axb4 Bxb4 11. O-O Bxc3 12. Rb1 Qc7 13. Ng5 Qxe5 14. Qh5 g6 15. Qh6 Nf5 16. Bxf5 gxf5 17. Bf4 Qxf4 18. Qg7 d3 19. Qxf7+ Kd8 20. Rxb7 Bxb7 1-0

[Event "Arco op 23rd"]
[Site "Arco"]
[Date "2001.??.??"]
[Round "4"]
[White "Murey, Jacob"]
[Black "Drasko, Milan"]
[Result "1/2-1/2"]
[WhiteElo "2475"]
[BlackElo "2508"]
[PlyCount "25"]
[EventDate "2001.10.17"]
[Source "ChessBase"]
[SourceDate "2002.01.21"]

1. e4 e6 2. d4 d5 3. Nc3 Bb4 4. e5 Ne7 5. Qg4 c5 6. Nf3 Nbc6 7. a3 Bxc3+ 8. bxc3 O-O 9. h4 f5 10. Qf4 Qc7 11. Bd3 cxd4 12. cxd4 Na5 13. Kf1 1/2-1/2

[Event "Buenos Aires"]
[Site "Buenos Aires"]
[Date "1990.??.??"]
[Round "12"]
[White "Fernandez Garcia, Jose Luis"]
[Black "Panno, Oscar"]
[Result "1/2-1/2"]
[WhiteElo "2470"]
[BlackElo "2510"]
[PlyCount "119"]
[EventDate "1990.04.??"]
[Source "ChessBase"]

1. e4 e6 2. d4 d5 3. Nc3 Bb4 4. e5 c5 5. Nf3 Ne7 6. dxc5 Nbc6 7. Bb5 O-O 8. O-O Bxc5 9. Na4 Bb4 10. c3 Ba5 11. Bd3 Ng6 12. Bg5 Qe8 13. Re1 Bc7 14. Bxg6 fxg6 15. Nc5 h6 16. Bh4 Bb6 17. Na4 Bc7 18. Bg3 b6 19. c4 dxc4 20. Nc3 Nb4 21. Re4 Ba6 22. b3 Rd8 23. Qb1 Nd3 24. bxc4 Qc6 25. Nd4 Qxc4 26. Ndb5 Qc6 27. Re3 Bb7 28. Qf1 Nf4 29. Nxc7 Qxc7 30. Nb5 Qe7 31. Bxf4 Rxf4 32. Nd6 Bd5 33. a4 Rg4 34. f3 Qg5 35. Re2 Rd4 36. Qf2 Rd3 37. Qg3 Qxg3 38. hxg3 Rd7 39. Rc2 g5 40. a5 bxa5 41. Rxa5 Re3 42. Kf2 Rb3 43. Rca2 g4 44. fxg4 Rc7 45. Rxa7 Rxa7 46. Rxa7 Rb2+ 47. Ke1 Rxg2 48. Ne8 Rxg3 49. Nxg7 Rxg4 50. Nh5 Kf8 51. Nf6 Rg7 52. Nh7+ Kg8 53. Nf6+ Kh8 54. Ra3 Rg5 55. Nxd5 exd5 56. Re3 Kg7 57. e6 Kf8 58. e7+ Ke8 59. Re6 h5 60. Kd2 1/2-1/2

[Event "HUN-ch"]
[Site "HUN"]
[Date "1974.??.??"]
[Round "?"]
[White "Sax, Gyula"]
[Black "Farago, Ivan"]
[Result "1/2-1/2"]
[WhiteElo "2505"]
[BlackElo "2475"]
[PlyCount "50"]
[EventDate "1974.??.??"]
[Source "ChessBase"]

1. e4 e6 2. d4 d5 3. Nc3 Bb4 4. e5 Ne7 5. Bd2 c5 6. a3 Bxc3 7. Bxc3 b6 8. Nf3 Qc7 9. Bd3 Ba6 10. O-O Bxd3 11. cxd3 Nbc6 12. dxc5 bxc5 13. b4 d4 14. Bd2 cxb4 15. axb4 O-O 16. Re1 Rab8 17. Rc1 Qb6 18. Rc4 Nd5 19. Qe2 Nc3 20. Bxc3 dxc3 21. Qe4 Ne7 22. Rxc3 Qxb4 23. Qxb4 Rxb4 24. Rc7 Nd5 25. Rxa7 h6 1/2-1/2

[Event "JUG Team Ch"]
[Site "Cetinje"]
[Date "1991.??.??"]
[Round "5"]
[White "Strikovic, Aleksa"]
[Black "Ivkov, Borislav"]
[Result "0-1"]
[WhiteElo "2495"]
[BlackElo "2485"]
[PlyCount "96"]
[EventDate "1991.??.??"]
[Source "www.chesslib.no"]
[SourceDate "2004.05.04"]

1. e4 e6 2. d4 d5 3. Nc3 Bb4 4. e5 Ne7 5. Bd2 c5 6. Nb5 Bxd2+ 7. Qxd2 O-O 8. c3 Nbc6 9. Nf3 a6 10. Na3 cxd4 11. cxd4 f6 12. exf6 Rxf6 13. Nc2 Qd6 14. O-O-O Bd7 15. Bd3 Raf8 16. Rde1 Be8 17. Rhf1 Ng6 18. Bxg6 Bxg6 19. Ne5 Rc8 20. Nxg6 Rxg6 21. Kb1 Rxg2 22. h4 Rf8 23. Qe3 Nd8 24. f4 Rg4 25. h5 Rfxf4 26. h6 gxh6 27. Rh1 Qf8 28. Qe5 Rg5 29. Qb8 Rf7 30. a3 Rg6 31. Rhg1 Nc6 32. Qh2 Rf2 33. Qc7 Qg7 34. Rxg6 Qxg6 35. Qc8+ Rf8 36. Qxe6+ Qxe6 37. Rxe6 Rf1+ 38. Ka2 h5 39. Rd6 Rf5 40. Ne3 Rg5 41. Nxd5 h4 42. Rd7 Rf5 43. Ne3 Rf3 44. Ng4 h5 45. Nh6+ Kf8 46. d5 Ne5 47. Rd8+ Kg7 48. Re8 Nc4 0-1

[Event "Sibenik"]
[Site "?"]
[Date "2006.09.22"]
[Round "1.5"]
[White "Zelcic Robert"]
[Black "Bukal Vladimir"]
[Result "1-0"]
[WhiteElo "2563"]
[BlackElo "2407"]
[PlyCount "137"]
[EventDate "2006.??.??"]
[Source "www.chesslib.no"]
[SourceDate "2004.05.04"]

1. e4 e6 2. d4 d5 3. Nc3 Bb4 4. e5 c5 5. dxc5 Ne7 6. Nf3 Nd7 7. Bd3 Qc7 8. O-O Bxc3 9. bxc3 Nxc5 10. c4 Bd7 11. cxd5 Nxd5 12. Ba3 Nc3 13. Qd2 Qa5 14. Bb2 N5a4 15. Bxc3 Qxc3 16. Qg5 O-O 17. Qh4 h6 18. Qe4 g6 19. Qh4 Bc6 20. Rae1 Bxf3 21. Qxa4 Bc6 22. Qh4 Qd2 23. Re3 h5 24. Qf6 Be8 25. g4 hxg4 26. h4 Qa5 27. Rb1 Qd8 28. Qxd8 Rxd8 29. Rxb7 Bc6 30. Rxa7 Rd4 31. Rc7 Bd5 32. c4 Bf3 33. Be2 Bxe2 34. Rxe2 Rb8 35. Kg2 Rb1 36. Rc2 Rdd1 37. Kg3 Rg1+ 38. Kf4 Rbf1 39. Rd7 g3 40. Kf3 gxf2 41. Rxf2 Rxf2+ 42. Kxf2 Rc1 43. Rd4 Rc2+ 44. Ke3 Rxa2 45. Kd3 Ra3+ 46. Kd2 Ra5 47. Re4 Kg7 48. Kc3 f6 49. Kb4 Ra8 50. c5 fxe5 51. c6 Kf6 52. Rg4 e4 53. Rxe4 Kf5 54. Rc4 e5 55. c7 Rc8 56. Kb5 e4 57. Kc6 e3 58. Kd7 e2 59. Rc1 Ra8 60. c8=Q Rxc8 61. Kxc8 Kg4 62. Rh1 Kg3 63. Kd7 Kg2 64. Ra1 Kg3 65. Ke6 Kxh4 66. Re1 Kg4 67. Rxe2 Kf4 68. Rf2+ Kg3 69. Rf6 1-0

[Event "Russia"]
[Site "?"]
[Date "1995.??.??"]
[Round "?"]
[White "Legky, N."]
[Black "Tockij, L."]
[Result "1-0"]
[WhiteElo "2505"]
[BlackElo "2455"]
[PlyCount "73"]
[EventDate "1995.??.??"]
[Source "ChessBase"]
[SourceDate "1995.02.01"]

1. e4 e6 2. d4 d5 3. Nc3 Bb4 4. e5 c5 5. dxc5 Nc6 6. Nf3 Nge7 7. Bd3 d4 8. a3 dxc3 9. axb4 cxb2 10. Bxb2 Nxb4 11. Ng5 Nxd3+ 12. cxd3 O-O 13. O-O Bd7 14. Ne4 Bc6 15. Nd6 Nc8 16. Qg4 Qd7 17. Rae1 Nxd6 18. exd6 f5 19. Qg5 Bd5 20. Re3 h6 21. Qf4 Kh7 22. Rfe1 a5 23. h4 a4 24. Rg3 Rf7 25. Ra1 Ra5 26. Qd4 Bc6 27. h5 b6 28. Rg6 Rxc5 29. Qf4 Rd5 30. Be5 b5 31. Rc1 a3 32. Bxg7 Rxg7 33. Qxh6+ Kg8 34. Rxc6 Rxg6 35. Qxg6+ Kf8 36. Qf6+ Ke8 37. Rc8+ 1-0

[Event "Paris Open"]
[Site "Paris FRA"]
[Date "1995.??.??"]
[Round "?"]
[White "Horvath, Gyula"]
[Black "Apicella, Manuel"]
[Result "1/2-1/2"]
[WhiteElo "2455"]
[BlackElo "2505"]
[PlyCount "76"]
[EventDate "1995.04.??"]
[Source "www.chesslib.no"]
[SourceDate "2004.05.04"]

1. e4 e6 2. d4 d5 3. Nc3 Bb4 4. e5 Ne7 5. Bd2 c5 6. a3 Bxc3 7. Bxc3 b6 8. b4 cxb4 9. axb4 Qc7 10. Ra3 O-O 11. Bd3 f5 12. Nh3 Nbc6 13. b5 Nd8 14. Bb4 Nf7 15. O-O Re8 16. Qh5 Bd7 17. Re1 a5 18. bxa6 Nc6 19. c3 Nxb4 20. cxb4 b5 21. Qd1 Qb6 22. Qa1 Ra7 23. Rc1 Rea8 24. Nf4 Rxa6 25. Rxa6 Rxa6 26. Qc3 Ra8 27. Qc7 Qa7 28. Qxa7 Rxa7 29. h4 g6 30. Rc5 Rb7 31. f3 Kf8 32. Kf2 Ke7 33. Ke3 Nd8 34. Ne2 Nc6 35. Rxb5 Rxb5 36. Bxb5 Nxb4 37. Bxd7 Kxd7 38. Kf4 h6 1/2-1/2

[Event "jub30-A corr9196"]
[Site "Finland"]
[Date "1991.??.??"]
[Round "?"]
[White "Hintikka, Eero"]
[Black "Rittner, Horst R"]
[Result "1/2-1/2"]
[WhiteElo "2400"]
[BlackElo "2560"]
[PlyCount "32"]
[EventDate "1991.??.??"]
[Source "www.chesslib.no"]
[SourceDate "2004.05.04"]

1. e4 e6 2. d4 d5 3. Nc3 Bb4 4. e5 Ne7 5. Qg4 c5 6. Nf3 cxd4 7. Nxd4 Qc7 8. Bb5+ Nbc6 9. O-O O-O 10. Nxc6 Nxc6 11. Bxc6 Bxc3 12. bxc3 bxc6 13. Bf4 f5 14. exf6 e5 15. Bxe5 Bxg4 16. Bxc7 Rxf6 1/2-1/2

[Event "Aratovsky mem"]
[Site "Saratov"]
[Date "1999.??.??"]
[Round "5"]
[White "Meister, Yakov"]
[Black "Dyachkov, Sergej"]
[Result "1/2-1/2"]
[WhiteElo "2473"]
[BlackElo "2484"]
[PlyCount "93"]
[EventDate "1999.12.??"]
[Source "ChessBase"]
[SourceDate "2000.01.11"]

1. e4 e6 2. d4 d5 3. Nc3 Bb4 4. e5 Ne7 5. Qg4 c5 6. dxc5 Bxc3+ 7. bxc3 Ng6 8. Nf3 Nd7 9. Bb5 O-O 10. Bxd7 Bxd7 11. O-O Qc7 12. Qd4 Rfc8 13. Be3 b6 14. cxb6 axb6 15. Rfb1 b5 16. h4 Ra4 17. Rb4 Qxc3 18. Rxa4 bxa4 19. Qxc3 Rxc3 20. h5 Ne7 21. Rb1 Nf5 22. Rb8+ Rc8 23. Rxc8+ Bxc8 24. Bc5 f6 25. Kh2 Kf7 26. g4 Ne7 27. Kg3 Nc6 28. exf6 gxf6 29. Nd4 Nxd4 30. Bxd4 e5 31. Bb2 d4 32. f4 Ke6 33. fxe5 fxe5 34. c3 a3 35. Bxa3 dxc3 36. Bc1 Kd5 37. g5 Bf5 38. a4 Kc4 39. Kh4 Kb4 40. g6 hxg6 41. h6 g5+ 42. Kxg5 Bh7 43. Kf6 e4 44. Kg7 Bf5 45. Kf6 Bh7 46. Kg7 Bf5 47. Kf6 1/2-1/2

[Event "Hampstead GM"]
[Site "Hampstead"]
[Date "2001.04.18"]
[Round "3"]
[White "Hunt, Adam"]
[Black "Barsov, Alexei"]
[Result "0-1"]
[WhiteElo "2431"]
[BlackElo "2519"]
[PlyCount "110"]
[EventDate "2001.04.17"]
[Source "ChessBase"]
[SourceDate "2001.07.03"]

1. e4 e6 2. d4 d5 3. Nc3 Bb4 4. e5 Ne7 5. Qg4 c5 6. dxc5 Nbc6 7. Bd2 O-O 8. Nf3 f5 9. exf6 Rxf6 10. Bd3 e5 11. Qh5 e4 12. Ng5 Bf5 13. Ncxe4 Bxe4 14. Bxb4 Bxd3 15. cxd3 h6 16. Bd2 hxg5 17. h4 gxh4 18. O-O-O Ng6 19. g3 Nce5 20. Bg5 Rf5 21. f4 d4 22. Kb1 Rc8 23. Qe2 Qd5 24. Bxh4 Nf3 25. Bg5 Nxg5 26. fxg5 Rxg5 27. Qh2 Rf5 28. b4 a5 29. g4 Rf6 30. Qb2 axb4 31. Rh5 Qf7 32. Qxb4 Rf1 33. Rxf1 Qxf1+ 34. Kc2 Qe2+ 35. Kc1 Qe3+ 36. Kc2 Qe6 37. Qxb7 Qxa2+ 38. Kd1 Rf8 39. Qd5+ Qxd5 40. Rxd5 Rc8 41. Kc2 Nf4 42. Rxd4 Ne6 43. Rd6 Nxc5 44. Kd2 Kf7 45. Ke3 Ke7 46. Rb6 Ne6 47. Ke4 Rd8 48. Rc6 Kf7 49. Rc4 Kf6 50. Ke3 Rd5 51. Rb4 Kg5 52. Rb6 Re5+ 53. Kf3 Nd4+ 54. Kf2 Re2+ 55. Kf1 Rd2 0-1

[Event "Hoogovens-B"]
[Site "Wijk aan Zee NED"]
[Date "1986.01.??"]
[Round "3"]
[White "Cuijpers, Frans A"]
[Black "Ivkov, Borislav"]
[Result "1/2-1/2"]
[WhiteElo "2425"]
[BlackElo "2525"]
[PlyCount "25"]
[EventDate "1986.01.??"]
[Source "www.chesslib.no"]
[SourceDate "2004.05.04"]

1. e4 e6 2. d4 d5 3. Nc3 Bb4 4. e5 Ne7 5. Bd2 c5 6. a3 Bxc3 7. Bxc3 Nbc6 8. Nf3 cxd4 9. Nxd4 Nxe5 10. Nxe6 Bxe6 11. Bxe5 O-O 12. Bd3 Nc6 13. Bg3 1/2-1/2

[Event "ch-CRO"]
[Site "Zagreb"]
[Date "2004.11.22"]
[Round "7"]
[White "Stevic, Hrvoje"]
[Black "Kuljasevic, Davorin"]
[Result "1/2-1/2"]
[WhiteElo "2539"]
[BlackElo "2410"]
[PlyCount "87"]
[EventDate "2004.11.16"]
[Source "Roberto Alvarez"]
[SourceDate "2004.11.29"]

1. e4 e6 2. d4 d5 3. Nc3 Bb4 4. e5 c5 5. dxc5 Ne7 6. Nf3 Nbc6 7. Bd3 d4 8. a3 Ba5 9. b4 Nxb4 10. axb4 Bxb4 11. O-O Bxc3 12. Rb1 h6 13. Nd2 Bxd2 14. Bxd2 Bd7 15. Rxb7 Bc6 16. Rb4 Qd5 17. Qg4 Qxe5 18. Re1 Qf6 19. Bf4 O-O 20. Be5 Qg5 21. Rxd4 Nf5 22. Qxg5 hxg5 23. Rg4 f6 24. Bc3 Kf7 25. Ra1 Ne7 26. h4 gxh4 27. Rxh4 Rfc8 28. Bd2 Bd7 29. Rd4 Be8 30. Be4 Bc6 31. Bd3 Be8 32. Be4 Bc6 33. Bxc6 Nxc6 34. Rd7+ Kg6 35. Ra3 Rd8 36. Rg3+ Kf5 37. Rf3+ Kg6 38. Rg3+ Kf5 39. Rdxg7 Rxd2 40. Rf3+ Ke5 41. Re3+ Kf5 42. Rf3+ Ke5 43. Re3+ Kf5 44. Rf3+ 1/2-1/2

[Event "Rijeka 1st"]
[Site "Rijeka"]
[Date "2001.??.??"]
[Round "9"]
[White "Zelcic, Robert"]
[Black "Bukal, Vladimir Sr"]
[Result "1-0"]
[WhiteElo "2500"]
[BlackElo "2448"]
[PlyCount "55"]
[EventDate "2001.01.20"]
[Source "ChessBase"]
[SourceDate "2001.03.08"]

1. e4 e6 2. d4 d5 3. Nc3 Bb4 4. e5 c5 5. dxc5 Ne7 6. Nf3 Ng6 7. Bd3 Nc6 8. O-O Bxc5 9. Bxg6 fxg6 10. Bg5 Qd7 11. Qe2 a6 12. Rad1 Qc7 13. Na4 Ba7 14. Be3 b5 15. Bxa7 Qxa7 16. Nc3 Qc5 17. Qe3 Qxe3 18. fxe3 O-O 19. e4 dxe4 20. Nxe4 Nb4 21. Nd4 Rxf1+ 22. Rxf1 Bb7 23. Nc5 Bd5 24. a3 Na2 25. Ra1 b4 26. Ncb3 a5 27. Rxa2 a4 28. axb4 1-0

[Event "ch"]
[Site "HUN"]
[Date "1974.??.??"]
[Round "?"]
[White "Honfi, Karoly"]
[Black "Farago, Ivan"]
[Result "1-0"]
[WhiteElo "2470"]
[BlackElo "2475"]
[PlyCount "59"]
[EventDate "1974.??.??"]
[Source "www.chesslib.no"]
[SourceDate "2004.05.04"]

1. e4 e6 2. d4 d5 3. Nc3 Bb4 4. e5 c5 5. Nf3 Ne7 6. dxc5 Nbc6 7. Bd3 d4 8. a3 Ba5 9. b4 Nxb4 10. axb4 Bxb4 11. O-O Bxc3 12. Rb1 h6 13. Nd2 Bxd2 14. Bxd2 Bd7 15. Qg4 Bc6 16. Rb4 Qd5 17. Rxd4 Qxe5 18. Re1 Qxc5 19. Rxe6 fxe6 20. Bg6+ Kf8 21. Rf4+ Qf5 22. Bb4 Kg8 23. Bxf5 exf5 24. Qe2 Ng6 25. Rxf5 Kh7 26. Rf7 Rhe8 27. Qd1 Kg8 28. Rc7 Nf4 29. Qg4 Ne6 30. Bc3 1-0

[Event "Lorca IV Narciso Yepes mem"]
[Site "Lorca"]
[Date "2003.??.??"]
[Round "5"]
[White "De la Villa Garcia, Jesus"]
[Black "Matamoros Franco, Carlos S"]
[Result "1/2-1/2"]
[WhiteElo "2468"]
[BlackElo "2472"]
[PlyCount "46"]
[EventDate "2003.06.25"]
[Source "Roberto Alvarez"]
[SourceDate "2003.07.14"]

1. e4 e6 2. d4 d5 3. Nc3 Bb4 4. e5 Ne7 5. Qg4 c5 6. dxc5 Nbc6 7. Bd2 Nf5 8. Nf3 Bxc5 9. Na4 Be7 10. Bd3 O-O 11. O-O Bd7 12. Nc3 Nb4 13. Bxf5 exf5 14. Qg3 Kh8 15. a3 Nxc2 16. Rac1 d4 17. Rxc2 dxc3 18. Bxc3 Be6 19. Nd4 Qb6 20. Qf4 g6 21. Nxe6 Qxe6 22. Rd2 Rfd8 23. Rfd1 Kg8 1/2-1/2

[Event "Bundesliga"]
[Site "GER"]
[Date "1980.??.??"]
[Round "?"]
[White "Fuchs, Reinhard"]
[Black "Uhlmann, Wolfgang"]
[Result "1-0"]
[WhiteElo "2430"]
[BlackElo "2510"]
[PlyCount "81"]
[EventDate "1980.??.??"]
[Source "www.chesslib.no"]
[SourceDate "2004.05.04"]

1. e4 e6 2. d4 d5 3. Nc3 Bb4 4. e5 Ne7 5. Bd2 c5 6. Nb5 Bxd2+ 7. Qxd2 O-O 8. f4 a6 9. Nd6 cxd4 10. Nf3 Nbc6 11. Bd3 f6 12. O-O h6 13. Qe1 Qb6 14. exf6 Rxf6 15. Ne5 Nxe5 16. fxe5 Rxf1+ 17. Qxf1 Nf5 18. Qf4 g5 19. Qg4 Nxd6 20. exd6 Qxd6 21. Qh5 Qe7 22. Qg6+ Qg7 23. Qe8+ Qf8 24. Bh7+ Kg7 25. Qg6+ Kh8 26. Rf1 Qg7 27. Qe8+ Kxh7 28. Rf7 a5 29. Qf8 Qxf7 30. Qxf7+ Kh8 31. Qg6 Bd7 32. Qxh6+ Kg8 33. Qxg5+ Kf7 34. Qf4+ Ke7 35. g4 Rc8 36. g5 Rxc2 37. Qxd4 Kd6 38. Qf6 Bc6 39. g6 d4 40. Qxd4+ Bd5 41. Qf6 1-0

[Event "Budapest FS04 GM-A"]
[Site "Budapest"]
[Date "2002.04.04"]
[Round "3"]
[White "Bokros, Albert"]
[Black "Kallio, Heikki"]
[Result "0-1"]
[WhiteElo "2435"]
[BlackElo "2502"]
[PlyCount "78"]
[EventDate "2002.04.02"]
[Source "ChessBase"]
[SourceDate "2002.08.12"]

1. e4 e6 2. d4 d5 3. Nc3 Bb4 4. e5 c5 5. dxc5 Bxc5 6. Nf3 Nc6 7. Bd3 Nge7 8. O-O a6 9. a3 h6 10. b4 Ba7 11. Bb2 Ng6 12. Bxg6 fxg6 13. Qd3 Ne7 14. Nh4 Kf7 15. Kh1 Bd7 16. Rae1 Rf8 17. a4 Be8 18. b5 Kg8 19. f4 Bc5 20. Ne2 axb5 21. axb5 Qb6 22. Nd4 Ra4 23. Rd1 Bd7 24. g3 Rc8 25. Rf3 Rb4 26. Bc3 Rxb5 27. Nxg6 Nxg6 28. Qxg6 Rb1 29. Rff1 Rxd1 30. Rxd1 Bxd4 31. Bxd4 Qc6 32. c3 Be8 33. Qg4 Kh7 34. f5 exf5 35. Qxf5+ Bg6 36. Qg4 Ra8 37. e6 Ra2 38. Re1 Qb5 39. Bg1 d4 0-1

[Event "Baden-Baden"]
[Site "Baden-Baden"]
[Date "1985.??.??"]
[Round "5"]
[White "Mrdja, Milan"]
[Black "Farago, Ivan"]
[Result "1-0"]
[WhiteElo "2425"]
[BlackElo "2510"]
[PlyCount "100"]
[EventDate "1985.07.??"]
[Source "ChessBase"]

1. e4 e6 2. d4 d5 3. Nc3 Bb4 4. e5 Ne7 5. Bd2 c5 6. Nb5 Bxd2+ 7. Qxd2 O-O 8. c3 Nbc6 9. Nf3 a6 10. Na3 f6 11. exf6 Rxf6 12. Nc2 Qd6 13. Be2 Bd7 14. Rd1 c4 15. O-O Raf8 16. Nfe1 h6 17. Ne3 g5 18. g3 Rg6 19. Bh5 Rg7 20. N1g2 e5 21. dxe5 Nxe5 22. Be2 Qc5 23. Nxd5 Bc6 24. Qe3 Qxe3 25. Ngxe3 Nxd5 26. Nxd5 g4 27. Rd4 b5 28. Rfd1 Kh7 29. Rf4 Rxf4 30. Nxf4 Nf3+ 31. Bxf3 Bxf3 32. Rd2 b4 33. cxb4 Rb7 34. Nd5 Bxd5 35. Rxd5 Rxb4 36. Rd4 a5 37. a3 Rxb2 38. Rxc4 h5 39. Rc5 Kg6 40. Rxa5 Ra2 41. a4 Kh6 42. Kf1 Kg6 43. Ra8 Kg7 44. a5 Kh7 45. a6 Kg7 46. Kg2 Kh7 47. a7 h4 48. gxh4 Ra3 49. h5 Kg7 50. h3 gxh3+ 1-0

[Event "Polanica Zdroj op-A"]
[Site "?"]
[Date "2000.??.??"]
[Round "9"]
[White "Kuzmin Gennadi P"]
[Black "Socko Monika"]
[Result "1-0"]
[WhiteElo "2528"]
[BlackElo "2403"]
[PlyCount "69"]
[EventDate "2000.??.??"]
[Source "www.chesslib.no"]
[SourceDate "2004.05.04"]

1. e4 e6 2. d4 d5 3. Nc3 Bb4 4. e5 Ne7 5. Qg4 c5 6. dxc5 Nbc6 7. Bd2 O-O 8. Nf3 Ng6 9. Qh5 f6 10. exf6 Qxf6 11. Bd3 Nce5 12. Nxe5 Qxe5+ 13. Qxe5 Nxe5 14. Be2 Bxc5 15. f4 Ng6 16. g3 e5 17. Nxd5 Bh3 18. O-O-O Bg2 19. Nc7 Bxh1 20. Nxa8 Bd5 21. b4 Be7 22. Nc7 Bxa2 23. Kb2 Rc8 24. Kxa2 Rxc7 25. f5 Nf8 26. Kb3 Kf7 27. Be3 a6 28. Bf3 Bf6 29. Bb6 Rd7 30. Rd5 g6 31. g4 gxf5 32. gxf5 Bg7 33. Bc5 Rc7 34. Rd8 a5 35. Bd5+ 1-0

[Event "Ticino Open"]
[Site "Ticino"]
[Date "1993.??.??"]
[Round "6"]
[White "Landenbergue, Claude"]
[Black "Komarov, Dimitri"]
[Result "0-1"]
[WhiteElo "2405"]
[BlackElo "2525"]
[PlyCount "40"]
[EventDate "1993.??.??"]
[Source "www.chesslib.no"]
[SourceDate "2004.05.04"]

1. e4 e6 2. d4 d5 3. Nc3 Bb4 4. e5 Ne7 5. Qg4 c5 6. dxc5 Nbc6 7. Bd2 Ng6 8. Nf3 Bxc5 9. Bd3 Nb4 10. Bxg6 hxg6 11. O-O-O Bd7 12. h4 Rh5 13. Ng5 Qe7 14. Qf4 f6 15. exf6 gxf6 16. Nf3 g5 17. hxg5 Qh7 18. g6 Qxg6 19. Kb1 Qxc2+ 20. Ka1 Nd3 0-1

[Event "Dubai (ol)"]
[Site "?"]
[Date "1986.??.??"]
[Round "?"]
[White "Winants, L."]
[Black "Suba, M."]
[Result "1/2-1/2"]
[WhiteElo "2350"]
[BlackElo "2580"]
[PlyCount "53"]
[EventDate "1986.??.??"]
[Source "ChessBase"]
[SourceDate "1986.07.01"]

1. d4 e6 2. e4 d5 3. Nc3 Bb4 4. e5 c5 5. Nf3 Nc6 6. Bb5 Nge7 7. O-O Bd7 8. dxc5 Bxc3 9. Bxc6 Nxc6 10. bxc3 Qa5 11. Be3 Qxc3 12. Rb1 Rb8 13. Rb3 Qa5 14. Nd4 Qxa2 15. Qg4 Rg8 16. Nb5 Qxc2 17. Nd6+ Kf8 18. Qf4 Be8 19. Rfb1 g5 20. Qg3 Rg6 21. h3 d4 22. Bxg5 h6 23. Qh4 hxg5 24. Qh8+ Rg8 25. Qh6+ Rg7 26. Qh8+ Rg8 27. Qh6+ 1/2-1/2

[Event "BW"]
[Site "?"]
[Date "1992.??.??"]
[Round "?"]
[White "Maus, S."]
[Black "Dokhoian, Y."]
[Result "1-0"]
[WhiteElo "2385"]
[BlackElo "2545"]
[PlyCount "81"]
[EventDate "1992.??.??"]
[Source "www.chesslib.no"]
[SourceDate "2004.05.04"]

1. e4 e6 2. d4 d5 3. Nc3 Bb4 4. e5 Ne7 5. Bd2 c5 6. dxc5 Nbc6 7. f4 Bxc5 8. Nf3 a6 9. Bd3 b5 10. Qe2 Bb7 11. O-O-O Qb6 12. Kb1 h6 13. a3 Qa7 14. Na2 Nf5 15. Bxf5 exf5 16. Qd3 g6 17. Rhe1 O-O-O 18. e6 d4 19. exf7 Ba8 20. Qb3 Rhf8 21. Bb4 Bxb4 22. Nxb4 Qxf7 23. Qxf7 Rxf7 24. Nxa6 Re7 25. Nc5 Rde8 26. Rxe7 Rxe7 27. Nb3 Re2 28. Rd2 Rxd2 29. Nbxd2 Kd7 30. Kc1 Kd6 31. Kd1 Bb7 32. b4 Nd8 33. Nxd4 Bxg2 34. Nxb5+ Kc6 35. Nd4+ Kd5 36. c3 Nc6 37. Nxc6 Kxc6 38. h4 Kb5 39. Kc2 Ka4 40. Kb2 g5 41. c4 1-0